| 000 | 00671nam a2200193 ar4500 | ||
|---|---|---|---|
| 001 | 2457 | ||
| 005 | 20221127090437.0 | ||
| 008 | 110212s xxk 00010|eng d | ||
| 020 |
_a9781405843454(spiral binding) : _cSR188.00 |
||
| 082 | 0 | 4 |
_a428.2402465 _bM377 2005 |
| 100 | 1 | _aMascull, Bill. | |
| 245 | 1 | 0 |
_aMarket leader : _bupper intermediate business English teacher's resource book / _cB. Mascull. |
| 250 | _aNew ed. | ||
| 260 |
_aHarlow, England : _bPearson/Financial Times, _c2005. |
||
| 300 |
_a213 p. ; _c30 cm. _e2 CDs. |
||
| 650 | 4 |
_aEnglish language _xBusiness English. |
|
| 650 | 4 |
_aEnglish language _xStudy and teaching. |
|
| 650 | 4 |
_aEnglish language _vTextbooks. |
|
| 999 |
_c2455 _d2455 |
||